Bibliography of steel columns : a report /

Bibliographic Details
Corporate Author: American Society of Civil Engineers. Committee on Compression Members
Format: Book
Language:English
Published: New York, N.Y. : The Society, [1990]
Subjects:

MARC

Tag First Indicator Second Indicator Subfields
LEADER 00000cam a2200000 a 4500
001 in00001023949
005 20150928121047.0
008 901228s1990 nyu b 0000 eng
010 |a  90232372  
020 |a 0872627802 
035 |a (OCoLC)22954403 
035 |9 AFF8805AM 
040 |a DLC  |c DLC  |d TXA  |d UtOrBLW 
049 |a TXAM 
050 0 0 |a Z5853.C593  |b B53 1990  |a TA492.C7 
082 0 0 |a 016.6241/772  |2 20 
245 0 0 |a Bibliography of steel columns :  |b a report /  |c prepared by the Committee on Compression Members, Structural Division, American Society of Civil Engineers. 
264 1 |a New York, N.Y. :  |b The Society,  |c [1990] 
264 4 |c [©1990] 
300 |a 214 pages ;  |c 28 cm. 
336 |a text  |b txt  |2 rdacontent 
337 |a unmediated  |b n  |2 rdamedia 
338 |a volume  |b nc  |2 rdacarrier 
650 0 |a Columns, Iron and steel  |x Bibliography. 
710 2 |a American Society of Civil Engineers.  |b Committee on Compression Members. 
999 |a MARS 
999 f f |s c565463c-cc16-3c0c-aa4c-0b25d46553b5  |i df0ea887-d917-3c85-85a4-7edf527014e3  |t 0 
952 f f |p ric  |a Texas A&M University  |b Rellis Campus  |c Joint Library Facility  |d Remote Storage  |t 0  |e Z5853.C593 B53 1990  |h Library of Congress classification  |i unmediated -- volume  |m A14815253437 
998 f f |a Z5853.C593 B53 1990  |t 0  |l Remote Storage